| Поле | Инд. | ПП | Название | Значение |
|---|---|---|---|---|
| Тип записи | a | |||
| Библиографический уровень | b | |||
| 001 | Контрольный номер | RU/IS/BASE/320420520 | ||
| 005 | Дата корректировки | 20200522191401.1 | ||
| 008 | Кодируемые данные | 20100225 | ||
| 040 | b | Код языка каталог. | rus | |
| e | Правила каталог. | PSBO | ||
| 041 | 0_ | a | Код языка текста | rus |
| 084 | a | Индекс другой классификации/Индекс ББК | 83.3(2=411.2)5 | |
| 100 | 1_ | a | Автор | Ермошин Ф. А. |
| q | Полное имя | Ермошин Федор Андреевич | ||
| 245 | 11 | a | Заглавие | "Пусть не смеются над мной заранее...": автор как "смешной человек" в "Дневнике писателя" Ф.М. Достоевского |
| 504 | a | Библиография | Библиогр.: с. 140 - 141 | |
| 520 | 0_ | a | Аннотация | В статье рассматривается проблема "смешного" в "Дневнике писателя" Ф.М. Достоевского и его творчестве в целом. Анализируются различные функции мотива смеха аудитории в этом издании (в сопоставлении с тем же мотивом в "фантастическом рассказе" "Сон смешного человека") |
| 600 | 14 | a | Персоналии | Достоевский Федор Михайлович |
| 650 | 04 | a | Основная рубрика | история литературы |
| a | Основная рубрика | литературоведение | ||
| a | Основная рубрика | филологические науки | ||
| 653 | 0_ | a | Ключевые слова | "Дневник писателя" |
| a | Ключевые слова | "Сон смешного человека" | ||
| a | Ключевые слова | XIX век | ||
| a | Ключевые слова | автор | ||
| a | Ключевые слова | восприятие читателя | ||
| a | Ключевые слова | диалогизм | ||
| a | Ключевые слова | комическое | ||
| a | Ключевые слова | образ автора | ||
| a | Ключевые слова | рассказы | ||
| a | Ключевые слова | Россия | ||
| a | Ключевые слова | смех | ||
| a | Ключевые слова | читатели | ||
| 773 | 18 | t | Заглавие источника | Вестник Московского университета. Серия 9, Филология |
| d | Дата издания источника | 2009 | ||
| g | Прочая информация | № 5. - С. 136 - 141 | ||
| w | Контрольный № источника | RU/IS/BASE/317399320 | ||
| 901 | t | Тип документа | b |